LEADER 03694nam 2200697 450 001 9910788827203321 005 20230814232331.0 010 $a3-11-034126-3 010 $a3-11-037749-7 024 7 $a10.1515/9783110341263 035 $a(CKB)3360000000515137 035 $a(MiAaPQ)EBC4749543 035 $a(DE-B1597)245645 035 $a(OCoLC)1024029520 035 $a(DE-B1597)9783110341263 035 $a(Au-PeEL)EBL4749543 035 $a(CaPaEBR)ebr11497540 035 $a(OCoLC)1020030520 035 $a(EXLCZ)993360000000515137 100 $a20171226h20182018 uy| 0 101 0 $aeng 135 $aurcnu|||||||| 181 $2rdacontent 182 $2rdamedia 183 $2rdacarrier 200 00$aSegmental structure and tone /$fedited by Wolfgang Kehrein [and three others] 210 1$aBerlin ;$aBoston :$cWalter de Gruyter,$d[2018] 210 4$d©2018 215 $a1 online resource (264 pages) $cillustrations 225 1 $aLinguistische Arbeiten ;$vvolume 552 300 $aIncludes index. 311 $a3-11-034109-3 327 $tFrontmatter -- $tContents -- $tIntroduction / $rKöhnlein, Björn / Oostendorp, Marc van -- $tInteractions of tone and ATR in Slovenian / $rBecker, Michael / Jurgec, Peter -- $tThe history of the Franconian tone contrast / $rBoersma, Paul -- $tTones and vowels in Fuzhou revisited / $rDonohue, Cathryn -- $tGrounding Nguni depressor effects / $rDowning, Laura J. -- $tThere's no tone in Cologne: against tone-segment interactions in Franconian / $rKehrein, Wolfgang -- $tLivonian stød / $rKiparsky, Paul -- $tSynchronic alternations between monophthongs and diphthongs in Franconian tone accent dialects: a metrical approach / $rKöhnlein, Björn -- $tTone, final devoicing, and assimilation in Moresnet / $rOostendorp, Marc van -- $tSubject index -- $tLanguage index 330 $aThis volume seeks to reevaluate the nature of tone-segment interactions in phonology. The contributions address, among other things, the following basic questions: what tone-segment interactions exist, and how can the facts be incorporated into phonological theory? Are interactions between tones and vowel quality really universally absent? What types of tone-consonant interactions do we find across languages? What is the relation between diachrony and synchrony in relevant processes?The contributions discuss data from various types of languages where tonal information plays a lexically distinctive role, from 'pure' tone languages to so-called tone accent systems, where the occurrence of contrastive tonal melodies is restricted to stressed syllables. The volume has an empirical emphasis on Franconian dialects in the Netherlands, Belgium and Germany, but also discusses languages as diverse as Slovenian, Livonian, Fuzhou Chinese, and Xhosa. 410 0$aLinguistische Arbeiten (Max Niemeyer Verlag) ;$v552. 606 $aTone (Phonetics) 606 $aIntonation (Phonetics) 606 $aVowels 606 $aConsonants 606 $aSonorants (Phonetics) 606 $aProsodic analysis (Linguistics) 606 $aPhonetics$xResearch 610 $aPhonology. 610 $aProsody. 610 $aTone. 615 0$aTone (Phonetics) 615 0$aIntonation (Phonetics) 615 0$aVowels. 615 0$aConsonants. 615 0$aSonorants (Phonetics) 615 0$aProsodic analysis (Linguistics) 615 0$aPhonetics$xResearch. 676 $a414/.6 702 $aKehrein$b Wolfgang 801 0$bMiAaPQ 801 1$bMiAaPQ 801 2$bMiAaPQ 906 $aBOOK 912 $a9910788827203321 996 $aSegmental structure and tone$93764922 997 $aUNINA LEADER 03627nam 22006615 450 001 9910824698403321 005 20230102051035.0 010 $a1-4875-1933-8 010 $a1-4875-1932-X 024 7 $a10.3138/9781487519322 035 $a(CKB)4100000008701471 035 $a(MiAaPQ)EBC5821054 035 $a(DE-B1597)535380 035 $a(OCoLC)1108619413 035 $a(DE-B1597)9781487519322 035 $a(MdBmJHUP)musev2_108036 035 $a(EXLCZ)994100000008701471 100 $a20200406h20192019 fg 101 0 $aeng 135 $aurcnu|||||||| 181 $ctxt$2rdacontent 182 $cc$2rdamedia 183 $acr$2rdacarrier 200 10$aSolitude and Speechlessness $eRenaissance Writing and Reading in Isolation /$fAndrew Mattison 210 1$aToronto : $cUniversity of Toronto Press, $d[2019] 210 4$d©2019 215 $a1 online resource (269 pages) 311 $a1-4875-0404-7 327 $aLyric Futures: Hidden Ambitions in the Sidney-Pembroke Circle -- Nameless Orphans: Ambitious Poetry in an Age of Modesty -- The Peril of Understanding: Forms of Obscurity -- The Lure of Solitude: Melancholy and Eremitism as Literary Dispositions -- The Naked Sense of Retirement: Cowley, Marvell, Traherne -- Literary History in Isolation: Bacon, Hofmannsthal, and Historical Memory. 330 $a"Recent literary criticism, along with academic culture at large, has stressed collaboration as essential to textual creation and sociability as a literary and academic virtue. Solitude and Speechlessness proposes an alternative understanding of writing with a complementary mode of reading: literary engagement, it suggests, is the meeting of strangers, each in a state of isolation. The Renaissance authors discussed in this study did not necessarily work alone or without collaborators, but they were uncertain who would read their writings and whether those readers would understand them. These concerns are represented in their work through tropes, images, and characterizations of isolation. The figure of the isolated, misunderstood, or misjudged poet is a preoccupation that relies on imagining the lives of wandering and complaining youths, eloquent melancholics, exemplary hermits, homeless orphans, and retiring stoics; such figures acknowledge the isolation in literary experience. As a response to this isolation of literary connection, Solitude and Speechlessness proposes an interpretive mode it defines as strange reading: a reading that merges comprehension with indeterminacy and the imaginative work of interpretation with the recognition of historical difference."--$cProvided by publisher 606 $aEnglish literature$yEarly modern, 1500-1700$xHistory and criticism 607 $aEngland$2gnd 608 $aCriticism, interpretation, etc.$2fast 610 $aAemilia Lanyer. 610 $aAndrew Marvell. 610 $aFrancis Bacon. 610 $aJohn Donne. 610 $aShakespeare. 610 $aSidney-Pembroke Circle. 610 $aThomas Traherne. 610 $aascetics. 610 $aauthorship. 610 $ahermits. 610 $aisolation. 610 $amelancholy. 610 $aobscurity. 610 $apoets. 610 $asolitude. 615 0$aEnglish literature$xHistory and criticism. 676 $a820.9/003 686 $acci1icc$2lacc 700 $aMattison$b Andrew, $4aut$4http://id.loc.gov/vocabulary/relators/aut$01702366 801 0$bDE-B1597 801 1$bDE-B1597 906 $aBOOK 912 $a9910824698403321 996 $aSolitude and Speechlessness$94086833 997 $aUNINA